Engineering mechanics of solids (Record no. 138401)
[ view plain ]
| 000 -LEADER | |
|---|---|
| fixed length control field | 00399nam a2200157Ia 4500 |
| 008 - FIXED-LENGTH DATA ELEMENTS--GENERAL INFORMATION | |
| fixed length control field | 230917s9999||||xx |||||||||||||| ||und|| |
| 040 ## - CATALOGING SOURCE | |
| -- | 112810 |
| Original cataloging agency | VIVEKANANDA LIBRARY |
| 041 ## - Language | |
| -- | English |
| 082 ## - DDC NUMBER | |
| Classification number | 620.105 P815E |
| 100 ## - MAIN ENTRY--PERSONAL NAME | |
| Personal name | Popov, Egor Paul |
| 245 #0 - TITLE STATEMENT | |
| Title | Engineering mechanics of solids |
| 250 ## - EDITION STATEMENT | |
| Edition statement | 2nd ed. |
| 260 ## - PUBLICATION, DISTRIBUTION, ETC. (IMPRINT) | |
| Place of publication, distribution, etc | New Delhi |
| Name of publisher, distributor, etc | Pearson Printice-Hall |
| Date of publication, distribution, etc | 2006 |
| 300 ## - PHYSICAL DESCRIPTION | |
| Pages | xv, 864 p. |
| 942 ## - ADDED ENTRY ELEMENTS (KOHA) | |
| Koha item type | Books |
| Withdrawn status | Lost status | Damaged status | Not for loan | Location (home branch) | Sublocation or collection (holding branch) | Shelving location | Date acquired | Koha issues (times borrowed) | Koha full call number | Accession No. | Koha date last seen | Koha item type |
|---|---|---|---|---|---|---|---|---|---|---|---|---|
| VIVEKANANDA LIBRARY | VIVEKANANDA LIBRARY | UIET Library | 16/01/2007 | 620.105 P815E | 240912 | 17/09/2023 | Books | |||||
| VIVEKANANDA LIBRARY | VIVEKANANDA LIBRARY | UIET Library | 16/01/2007 | 620.105 P815E | 240913 | 17/09/2023 | Books | |||||
| VIVEKANANDA LIBRARY | VIVEKANANDA LIBRARY | UIET Library | 16/01/2007 | 620.105 P815E | 327119 | 17/09/2023 | Books | |||||
| VIVEKANANDA LIBRARY | VIVEKANANDA LIBRARY | UIET Library | 16/01/2007 | 620.105 P815E | 327120 | 17/09/2023 | Books | |||||
| VIVEKANANDA LIBRARY | VIVEKANANDA LIBRARY | UIET Library | 16/01/2007 | 620.105 P815E | 327121 | 17/09/2023 | Books | |||||
| VIVEKANANDA LIBRARY | VIVEKANANDA LIBRARY | UIET Library | 16/01/2007 | 620.105 P815E | 327122 | 17/09/2023 | Books |
